Auditory processing abilities in non-retarded adolescents and young aduts with developmental receptive language disorder and autism (Record no. 63008)

MARC details
000 -CABECERA
campo de control de longitud fija 00678nam a2200241 a 4500
005 - FECHA Y HORA DE LA ÚLTIMA TRANSACCIÓN
campo de control 20210219152903.0
008 - ELEMENTOS DE LONGITUD FIJA--INFORMACIÓN GENERAL
campo de control de longitud fija 991125n 000 0 eng u
035 ## - NÚMERO DE CONTROL DEL SISTEMA
Número de control de sistema UPN01000065230
222 #0 - TÍTULO CLAVE
Título clave BRAIN AND LANGUAGE
245 00 - MENCIÓN DE TÍTULO
Título Auditory processing abilities in non-retarded adolescents and young aduts with developmental receptive language disorder and autism
260 ## - PUBLICACIÓN, DISTRIBUCIÓN, ETC.
Lugar de publicación, distribución, etc. EUA
300 ## - DESCRIPCIÓN FÍSICA
Extensión 613-622
362 0# - FECHAS DE PUBLICACIÓN Y/O DESIGNACIÓN SECUENCIAL
Fecha de publicación y/o designación secuencial 1992 vol. 43, no. 4, nov.
653 0# - TERMINO DE INDIZACION - NO CONTROLADO
Término no controlado AUTISMO
653 0# - TERMINO DE INDIZACION - NO CONTROLADO
Término no controlado DRLD
653 0# - TERMINO DE INDIZACION - NO CONTROLADO
Término no controlado EDUCACION ESPECIAL
653 0# - TERMINO DE INDIZACION - NO CONTROLADO
Término no controlado LENGUAJE
653 0# - TERMINO DE INDIZACION - NO CONTROLADO
Término no controlado MEMORIA
653 0# - TERMINO DE INDIZACION - NO CONTROLADO
Término no controlado NIÑOS
653 0# - TERMINO DE INDIZACION - NO CONTROLADO
Término no controlado PRUEBAS PSICOLOGICAS
904 ## - ELEMENTOS DE DATOS D LOCAL, LDD (RLIN)
a AC
b 003041
905 ## - TIPO DE MATERIAL
Tipo de material Articulo

No items available.